Catálogo
 En Linea

La Iglesia de Oaxaca en el siglo XVIII / (Registro nro. 41008)

Detalles MARC
000 -CABECERA
campo de control de longitud fija 01056nam a2200217 a 4500
001 - NÚMERO DE CONTROL
campo de control 000041518
005 - FECHA Y HORA DE LA ÚLTIMA TRANSACCIÓN
campo de control 20201002034948.0
008 - DATOS DE LONGITUD FIJA--INFORMACIÓN GENERAL
campo de control de longitud fija 131009s1982 sp abe 000 0 spa d
020 ## - NÚMERO INTERNACIONAL ESTÁNDAR DEL LIBRO
Número Internacional Estándar del Libro 8400052412
040 ## - FUENTE DE LA CATALOGACIÓN
Centro catalogador/agencia de origen DO-SdBNP
Lengua de catalogación spa
Centro/agencia transcriptor BNPHU
082 ## - NÚMERO DE LA CLASIFICACIÓN DECIMAL DEWEY
Número de clasificación xxx
Número de documento/Ítem C229i
100 1# - ENTRADA PRINCIPAL--NOMBRE DE PERSONA
Nombre de persona Canterla, Francisco
9 (RLIN) 68233
245 13 - MENCIÓN DE TÍTULO
Título La Iglesia de Oaxaca en el siglo XVIII /
Mención de responsabilidad, etc. Francisco Canterla y Martín de Tovar ; prólogo José Antonio Calderón Quijano.
260 ## - PUBLICACIÓN, DISTRIBUCIÓN, ETC.
Lugar de publicación, distribución, etc. Sevilla :
Nombre del editor, distribuidor, etc. Escuela de Estudios Hispano-Americanos de Sevilla, Consejo Superior de Investigaciones Científicas,
Fecha de publicación, distribución, etc. 1982.
300 ## - DESCRIPCIÓN FÍSICA
Extensión xxii, 273 p. :
Otras características físicas il., maps, plans ;
Dimensiones 25 cm.
490 1# - MENCIÓN DE SERIE
Mención de serie Publicaciones de la escuela de estudios hispano-americanos de la Universidad de Sevilla
Designación de volumen o secuencia 281
500 ## - NOTA GENERAL
Nota general Incluye referencias bibliográficas y notas al pie de las páginas.
700 12 - PUNTO DE ACCESO ADICIONAL--NOMBRE DE PERSONA
Nombre de persona Tovar, Martín de
9 (RLIN) 68234
700 12 - PUNTO DE ACCESO ADICIONAL--NOMBRE DE PERSONA
Nombre de persona Calderón Quijano, José Antonio Calderon
Término indicativo de función/relación pról.
9 (RLIN) 68235
830 #0 - PUNTO DE ACCESO ADICIONAL DE SERIE-TÍTULO UNIFORME
Título uniforme Publicaciones de la escuela de estudios hispano-americanos de la Universidad de Sevilla, 281.
Número de parte o sección de la obra 281
9 (RLIN) 68236
Existencias
Estado de retiro Estado de pérdida Restricciones de uso No para préstamo Código de colección Localización permanente Ubicación/localización actual Ubicación en estantería Fecha de adquisición Número de inventario Total de préstamos Signatura topográfica completa Código de barras Fecha visto por última vez Precio válido a partir de Tipo de ítem Koha
      Excluido de préstamo Monografías: Libros y Folletos General General En catalogación 09.10.2013 LF1   xxx C229i 41518-10 25.06.2020 25.06.2020 No se presta

Con tecnología Koha